Supramolecular chemistry (Record no. 4206)

MARC details
000 -LEADER
fixed length control field 00516 a2200205 4500
001 - CONTROL NUMBER
control field 070781
003 - CONTROL NUMBER IDENTIFIER
control field OSt
005 - DATE AND TIME OF LATEST TRANSACTION
control field 20230517104459.0
008 - FIXED-LENGTH DATA ELEMENTS--GENERAL INFORMATION
fixed length control field
020 ## - INTERNATIONAL STANDARD BOOK NUMBER
International Standard Book Number 9780470512340
082 ## - DEWEY DECIMAL CLASSIFICATION NUMBER
Classification number 547.1226
Item number S32S
100 1# - MAIN ENTRY--PERSONAL NAME
Personal name Steed, Jonathan W.
245 1# - TITLE STATEMENT
Title Supramolecular chemistry
Statement of responsibility, etc by Jonathan W. Steed
250 ## - EDITION STATEMENT
Edition statement 2nd ed.
260 ## - PUBLICATION, DISTRIBUTION, ETC. (IMPRINT)
Place of publication, distribution, etc UK
Name of publisher, distributor, etc John Wiley & Sons
Date of publication, distribution, etc 2009
300 ## - PHYSICAL DESCRIPTION
Extent 970p.
690 ## - LOCAL SUBJECT ADDED ENTRY--TOPICAL TERM (OCLC, RLIN)
Topical term or geographic name as entry element Supramolecular chemistry
700 ## - ADDED ENTRY--PERSONAL NAME
Personal name Jerry L. Atwood
942 ## - ADDED ENTRY ELEMENTS (KOHA)
Source of classification or shelving scheme Dewey Decimal Classification
Koha item type Books
Holdings
Withdrawn status Lost status Damaged status Not for loan Home library Current library Date acquired Cost, normal purchase price Total Checkouts Full call number Barcode Date last seen Date checked out Price effective from Koha item type
        Central University Of Rajasthan Central University Of Rajasthan 07/03/2012 4513.00 6 547.1226 S32S 5068 21/11/2024 06/12/2022 02/09/2020 Books